| 000 | nam a22 a 4500 | ||
|---|---|---|---|
| 999 |
_c4742 _d4742 |
||
| 003 | AKMAL | ||
| 005 | 20170801115000.0 | ||
| 008 | 17 s20 my | e l 000 0 eng d | ||
| 020 |
_a9789677014625 _cRM200.00 |
||
| 082 | 0 | 4 |
_a343.595056 MAL _222 |
| 090 | 0 | 0 |
_a343.595056 _bMAL |
| 110 | 1 |
_aMalaysia _9400 |
|
| 245 | 1 | 4 |
_aThe Malaysian Trade Classification and Customs Duties Order ; *Import Duties* Export Duties* GST* Import Licence (AP)* Excise Duties. _ball amendments up to April 2017 _ccompiled by MDC Customs Updating Service Dept. |
| 260 |
_aKuala Lumpur : _bMDC Publishers Sdn. Bhd, _c2017 |
||
| 300 |
_a1217p. ; _c19cm. |
||
| 650 | 1 | 0 |
_aCustoms administration _xLaw and legislation _zMalaysia _99066 |
| 650 | 2 | 0 |
_aTariff _xLaw and legislation _zMalaysia _920 |
| 650 | 2 | 0 |
_aSales tax _xLaw and legislation _zMalaysia _9621 |
| 942 |
_2ddc _cBOOK |
||